Memorias de un Magistrado
Furkejuvvon:
| Váldodahkki: | |
|---|---|
| Materiálatiipa: | Girji |
| Giella: | espánnjágiella |
| Almmustuhtton: |
Santiago
Emisión
1989
|
| Preanttus: | 2a. ed |
| Fáttát: | |
| Fáddágilkorat: |
Lasit fáddágilkoriid
Eai fáddágilkorat, Lasit vuosttaš fáddágilkora!
|
MARC
| LEADER | 00000nam a2200000 a 4500 | ||
|---|---|---|---|
| 001 | UCH8253 | ||
| 003 | CL-VaPUC | ||
| 008 | 091127e19890000CL |||||||||||||||||spa|d | ||
| 082 | 0 | 4 | |a 370 |b CAN |2 21 |
| 100 | 0 | |a Canovas Robles, Jose |e author |9 544720 | |
| 245 | 1 | 0 | |a Memorias de un Magistrado |
| 246 | 1 | 0 | |a Comprende desde 1942 a 1987 |
| 250 | |a 2a. ed | ||
| 300 | |a 133 p | ||
| 942 | |c BK | ||
| 945 | |d 20091127 00:00:00 |a ccalabra | ||
| 260 | |a Santiago |b Emisión |c 1989 | ||
| 650 | 0 | |a Biografías |9 255210 | |
| 650 | 0 | |a Jueces |9 256162 | |
| 650 | 0 | |a Tribunales |9 254872 | |
| 651 | 7 | |a CHILE |2 CL-VaPUC |9 544721 | |
| 583 | |a last modification |c 20091127 00:00:00 |k Rodrigo Vera | ||
| 999 | |c 338484 |d 338482 | ||